5HLuxD.jpg

KING HENRY VIII SENIOR AND PRIMARY SCHOOL LIBRARY OPAC

Dangerous Days in Ancient Egypt / (Record no. 5116)

000 -LEADER
fixed length control field 01299nam a22002177a 4500
003 - CONTROL NUMBER IDENTIFIER
control field OSt
005 - DATE AND TIME OF LATEST TRANSACTION
control field 20250625082809.0
008 - FIXED-LENGTH DATA ELEMENTS--GENERAL INFORMATION
fixed length control field 250625b ||||| |||| 00| 0 eng d
020 ## - INTERNATIONAL STANDARD BOOK NUMBER
International Standard Book Number 9781780226385
040 ## - CATALOGING SOURCE
Transcribing agency KH8
082 ## - DEWEY DECIMAL CLASSIFICATION NUMBER
Classification number 932 DEA
100 ## - MAIN ENTRY--PERSONAL NAME
Personal name Deary, Terry,
Relator term author.
245 ## - TITLE STATEMENT
Title Dangerous Days in Ancient Egypt /
Statement of responsibility, etc. Terry Deary.
260 ## - PUBLICATION, DISTRIBUTION, ETC.
Place of publication, distribution, etc. United Kingdom ;
Name of publisher, distributor, etc. Weidenfeld & Nicolson ,
Date of publication, distribution, etc. 2017.
300 ## - PHYSICAL DESCRIPTION
Extent 286 pages :
Other physical details illustrations ;
Dimensions 20 cm.
500 ## - GENERAL NOTE
General note Includes index
520 ## - SUMMARY, ETC.
Summary, etc. Ancient Egypt should be deader than most of our yesterdays. After all it was at its height 5,000 years ago. Yet we still marvel at its mummies and ponder over its pyramids. It's easy to forget these people once lived and laughed, loved and breathed ... though not for very long.<br/><br/>These were dangerous days for princes and peasants alike. In Ancient Egypt - a world of wars and woes, poverty and plagues - life was short. Forty was a good age to reach. A pharaoh who was eaten by a hippo ended up as dead as a ditch-digger stung by a scorpion. Unwrap the bandages and you'll find that the Egyptians' bizarre adventures in life were every bit as fascinating as the monuments they left to their deaths.
650 ## - SUBJECT ADDED ENTRY--TOPICAL TERM
Topical term or geographic name entry element history of ancient egypt
650 ## - SUBJECT ADDED ENTRY--TOPICAL TERM
Topical term or geographic name entry element history
Form subdivision non-fiction
942 ## - ADDED ENTRY ELEMENTS (KOHA)
Source of classification or shelving scheme
Koha item type Books - Non Ficton
Holdings
Withdrawn status Lost status Source of classification or shelving scheme Damaged status Not for loan Collection code Permanent Location Current Location Shelving location Date acquired Full call number Barcode Date last seen Price effective from Koha item type
          Non-Fiction KH8 Senior School Library KH8 Senior School Library Non Fiction 2025-06-25 932 DEA 3KHSL000102302 2025-06-25 2025-06-25 Books - Non Ficton

Powered By KH8 IT Dept